000 00486nam a2200181Ia 4500
008 240925s9999 xx 000 0 und d
020 _a9788131754566
082 _a621.3 BHA
100 _aBhattacharya, S. K.
245 0 _aBasic Electrical and Electronics Engineering
250 _aNA
260 _aIndia:
_bPearson Education
_c,2012.
300 _axii,394p.
_bNA
_fOriginal
500 _aIncludes Index
600 _aEngineering Technology
650 _aTechnology
942 _cBK
999 _c12441
_d12441